The Ultimate Solar System Quiz - Statistics

General Stats
  • This quiz has been taken 43 times
  • The average score is 15 of 20
Answer Stats
Question Answer % Correct
Which of the following dwarf planets used to be a planet? Pluto
100%
How many planets are there? 8
92%
How old is the Solar System? 4.5 billion years
85%
How many of the planets can fit in Jupiter? All of the other planets
85%
Which planet or dwarf planet is in the Asteroid Belt Ceres
85%
Which of these was an asteroid and a planet in the past? Ceres
85%
Which of the following moons is about half the diameter of its planet/dwarf planet Charon
85%
What moon is larger than Mercury? Ganymede
85%
Which of these is the only Solar System object named after a Hawaiian deity? Haumea
85%
What did Neptune have that eventually vanished? The Great Dark Spot
85%
Which planet’s moons are all named after characters in Shakespeare’s plays? Uranus
85%
How many Earths could fit in Jupiter itself; how many in the Sun? 1,300; 1,300,000
77%
Which dwarf planet has more moons than the inner planets? Pluto
77%
What is the average temperature of Venus, in Fahrenheit 900°
69%
Which of these objects were discovered first (with an extremely elongated orbit)? Sedna
69%
True or False: Uranus and Neptune used to be in opposite positions. True
69%
Which of the following celestial objects has an orbital period of more than 40,000 years? 541132 Leleakuhonua (The Goblin)
62%
Which of the following is a slightly smaller object, like the above, that is not quite a planet or dwarf planet? Vesta
54%
How many Earths can fit into Jupiter’s Great Red Spot 1.3
38%
Compared to Uranus’s orbital distance, how far is Neptune from the Sun? About half the distance farther
15%
No matching quizzes found
Score Distribution
Percent of People with Each Score
Percentile by Number Answered
Your Score History
You have not taken this quiz